Μορφωτικά στοιχεία πόλεως Ηρακλείου Κρήτης
Αποθηκεύτηκε σε:
| Άλλοι συγγραφείς: | |
|---|---|
| Μορφή: | Βιβλίο |
| Γλώσσα: | Greek |
| Δημοσίευση: |
Ηράκλειον, Κρήτης :
Εκδόσεις Συλλόγου φίλων του βιβλίου Δημ/λων Εκπ/κής Περιφ. Πεδιάδος,
1960, 1959.
|
| Σειρά: | Βιβλιοθήκη "Παιδαγωγικά Επίκαιρα"
5 |
| Θέματα: | |
| Ετικέτες: |
Προσθήκη ετικέτας
Δεν υπάρχουν, Καταχωρήστε ετικέτα πρώτοι!
|
MARC
| LEADER | 00000cam a2200000 a 4500 | ||
|---|---|---|---|
| 001 | 1/124332 | ||
| 008 | 220207r19601959gr | ||| |||| ||gre|| | ||
| 040 | |a GR-MyUa |b gre |c GR-MyUa |e AACR2 | ||
| 041 | 0 | |a gre | |
| 082 | 7 | |a 372.891 |2 (23) | |
| 245 | 0 | 0 | |a Μορφωτικά στοιχεία πόλεως Ηρακλείου Κρήτης / |c τη συνεργασία Επιθεωρητού και Δημοδιδασκάλων Εκπαιδευτικής περιφερείας Πεδιάδος, επιμέλεια Κ. Ι. Πετρίτη. |
| 260 | |a Ηράκλειον, Κρήτης : |b Εκδόσεις Συλλόγου φίλων του βιβλίου Δημ/λων Εκπ/κής Περιφ. Πεδιάδος, |c 1960, 1959. | ||
| 300 | |a 1 τ. 236 [4] σ. ; |c 25 εκ. | ||
| 490 | 1 | |a Βιβλιοθήκη "Παιδαγωγικά Επίκαιρα" ; |v 5 | |
| 500 | |a Άνωθεν του εξωφύλλου ιδιοχείρως "μεσαίου Καρλοβασίου αρ. 60". | ||
| 650 | 0 | |a Geography |x Curricula. | |
| 650 | 0 | |a Geography |x Study and teaching (Elementary) |z Greece |z Erakleion. | |
| 651 | 0 | |a Erakleion (Greece) |x Geography. | |
| 700 | 1 | |a Πετρίτης, Κωνσταντίνος Ι. |e edt | |
| 830 | 0 | |a Βιβλιοθήκη "Παιδαγωγικά Επίκαιρα" |v 5 | |
| 852 | |a INST |b SAMOS |c PORFYRIADA |e 20220208 |h 372.891 ΜΟΡ |p 005300047024 |q 005300047024 |t NOLOAN |v τομ.1: |y 23 | ||
| 853 | |a INST |b SAMOS |c PORFYRIADA |h 372.891 ΜΟΡ | ||
| 970 | |a Γουβάλα |b Βάσω |z 07/02/2022 | ||